Animal Life in Freshwater : A Guide to Fresh-Water Invertebrates (Record no. 596439)

MARC details
000 -LEADER
fixed length control field 00505nam a2200145Ia 4500
008 - FIXED-LENGTH DATA ELEMENTS--GENERAL INFORMATION
fixed length control field 100415s9999 xx 000 0 und d
082 ## - DEWEY DECIMAL CLASSIFICATION NUMBER
Item number 13525
Classification number 574.929
100 ## - MAIN ENTRY--PERSONAL NAME
Personal name Mellanby Helen
245 ## - TITLE STATEMENT
Title Animal Life in Freshwater : A Guide to Fresh-Water Invertebrates
260 ## - PUBLICATION, DISTRIBUTION, ETC. (IMPRINT)
Place of publication, distribution, etc LONDON
Date of publication, distribution, etc 1963
Name of publisher, distributor, etc CHAPMAN & HALL
365 ## - TRADE PRICE
Price amount 161.25
630 ## - SUBJECT ADDED ENTRY--UNIFORM TITLE
Uniform title Animal Life in Freshwater : A Guide to Fresh-Water Invertebrates
730 ## - ADDED ENTRY--UNIFORM TITLE
Uniform title Animal Life in Freshwater : A Guide to Fresh-Water Invertebrates
942 ## - ADDED ENTRY ELEMENTS (KOHA)
Koha item type Book
Holdings
Withdrawn status Lost status Damaged status Not for loan Home library Current library Date acquired Cost, normal purchase price Total Checkouts Full call number Barcode Date last seen Price effective from Koha item type
        Bombay Natural History Society Bombay Natural History Society 08/25/1997 161.25   574.929 13525 BNHS-13525 04/15/2010 04/15/2010 Book